| 000 | 00657nam a2200205 a 4500 | ||
|---|---|---|---|
| 001 | 17596 | ||
| 003 | CO-ViMGA | ||
| 008 | 141112s2004 ck r 000 u spa d | ||
| 020 | _a950512273X | ||
| 040 |
_aCO-ViMGA _bspa _cCO-ViMGA |
||
| 082 | 0 | 4 | _a290 G376a |
| 100 | 1 |
_aGerometta, Oscar _924922 |
|
| 245 | 1 | 0 | _aAproximaciones ....al fenomeno de las sectas . Una reflexión entorno a la atomización de la experiencia religiosa contemporanea |
| 260 |
_aBuenos Aires (Argentina), _cClaretiana, _c1995 |
||
| 300 | _a256.p. | ||
| 590 | _aForma de adquisición : Premio - Mincultura | ||
| 650 | 1 | 4 |
_aRELIGION _97969 |
| 650 | 1 | 4 |
_aSECTAS _913988 |
| 942 |
_2ddc _cBK |
||
| 999 |
_c27090 _d27090 |
||